The Power of Machine Learning: A Comparative Analysis of Traditional Econometrics and Machine Learning Models in Child Health/ (Record no. 617045)

000 -LEADER
fixed length control field 00564nam a22001577a 4500
003 - CONTROL NUMBER IDENTIFIER
control field NUST
038 ## - RECORD CONTENT LICENSOR
Staff Name Nusrat Nadeem
082 ## - DEWEY DECIMAL CLASSIFICATION NUMBER
Classification number 200
100 ## - MAIN ENTRY--PERSONAL NAME
Personal name Shah, Muneeb Ullah
245 ## - TITLE STATEMENT
Title The Power of Machine Learning: A Comparative Analysis of Traditional Econometrics and Machine Learning Models in Child Health/
Statement of responsibility, etc. Muneeb Ullah Shah,
264 ## - PRODUCTION, PUBLICATION, DISTRIBUTION, MANUFACTURE, AND COPYRIGHT NOTICE
Place of production, publication, distribution, manufacture Islamabad:
Name of producer, publisher, distributor, manufacturer S3H NUST,
Date of production, publication, distribution, manufacture, or copyright notice 2026.
650 ## - SUBJECT ADDED ENTRY--TOPICAL TERM
Topical term or geographic name entry element MS-Economics
700 ## - ADDED ENTRY--PERSONAL NAME
Personal name Supervisor: Dr. Tanweer Ul Islam
856 ## - ELECTRONIC LOCATION AND ACCESS
Uniform Resource Identifier <a href="http://10.250.8.41:8080/xmlui/handle/123456789/57564">http://10.250.8.41:8080/xmlui/handle/123456789/57564</a>
942 ## - ADDED ENTRY ELEMENTS (KOHA)
Source of classification or shelving scheme
Koha item type Soft Copy
Holdings
Withdrawn status Permanent Location Current Location Shelving location Date acquired Full call number Barcode Koha item type
  Central Library (CL) Central Library (CL) Thesis 04/14/2026 200 CL-T-7796 Soft Copy
© 2023 Central Library, National University of Sciences and Technology. All Rights Reserved.